LIBRARY ONLINE CATALOGUE

The message of Jonah : (Record no. 21246)

MARC details
000 -LEADER
fixed length control field 01453cam a22003854a 4500
001 - CONTROL NUMBER
control field 13154128
003 - CONTROL NUMBER IDENTIFIER
control field OSt
005 - DATE AND TIME OF LATEST TRANSACTION
control field 20260213165957.0
008 - FIXED-LENGTH DATA ELEMENTS--GENERAL INFORMATION
fixed length control field 030409s2003 iluab b 000 0 eng
010 ## - LIBRARY OF CONGRESS CONTROL NUMBER
LC control number 2003008332
020 ## - INTERNATIONAL STANDARD BOOK NUMBER
International Standard Book Number 083082426X
Qualifying information USA pbk. : alk. paper
020 ## - INTERNATIONAL STANDARD BOOK NUMBER
International Standard Book Number 0851118984
Qualifying information UK pbk. : alk. paper
020 ## - INTERNATIONAL STANDARD BOOK NUMBER
International Standard Book Number 9780851118987
Qualifying information (UK pbk. : alk. paper)
035 ## - SYSTEM CONTROL NUMBER
System control number 13154128
040 ## - CATALOGING SOURCE
Original cataloging agency DLC
Transcribing agency DLC
Modifying agency DLC
042 ## - AUTHENTICATION CODE
Authentication code pcc
050 00 - LIBRARY OF CONGRESS CALL NUMBER
Classification number BS1605.53
Item number .N59 2003
082 00 - DEWEY DECIMAL CLASSIFICATION NUMBER
Classification number 224/.9207
Edition number 21
100 1# - MAIN ENTRY--PERSONAL NAME
Personal name Nixon, Rosemary A.
245 14 - TITLE STATEMENT
Title The message of Jonah :
Remainder of title presence in the storm /
Statement of responsibility, etc. Rosemary A. Nixon.
260 ## - PUBLICATION, DISTRIBUTION, ETC. (IMPRINT)
Place of publication, distribution, etc. Downers Grove, IL :
Name of publisher, distributor, etc. InterVarsity Press,
Date of publication, distribution, etc. c 2003.
300 ## - PHYSICAL DESCRIPTION
Extent 220 p. :
Other physical details ill., 1 map ;
Dimensions 21 cm.
336 ## - CONTENT TYPE
Content type term text
Content type code txt
Source rdacontent
337 ## - MEDIA TYPE
Media type term unmediated
Media type code n
Source rdamedia
338 ## - CARRIER TYPE
Carrier type term volume
Carrier type code nc
Source rdacarrier
440 #4 - SERIES STATEMENT/ADDED ENTRY--TITLE
Title The Bible speaks today
504 ## - BIBLIOGRAPHY, ETC. NOTE
Bibliography, etc Includes bibliographical references (p. 11-14).
630 00 - SUBJECT ADDED ENTRY--UNIFORM TITLE
Uniform title Bible.
Name of part/section of a work Jonah
Form subdivision Commentaries.
655 #7 - INDEX TERM--GENRE/FORM
Genre/form data or focus term Commentaries.
Source of term lcgft
Authority record control number https://id.loc.gov/authorities/genreForms/gf2025026014
856 41 - ELECTRONIC LOCATION AND ACCESS
Materials specified Table of contents
Uniform Resource Identifier <a href="http://www.loc.gov/catdir/toc/ecip042/2003008332.html">http://www.loc.gov/catdir/toc/ecip042/2003008332.html</a>
906 ## - LOCAL DATA ELEMENT F, LDF (RLIN)
a 7
b cbc
c orignew
d 1
e ecip
f 20
g y-gencatlg
942 ## - ADDED ENTRY ELEMENTS (KOHA)
Source of classification or shelving scheme Library of Congress Classification
Koha item type General Collection
Holdings
Withdrawn status Lost status Source of classification or shelving scheme Not for loan Home library Current library Shelving location Date acquired Source of acquisition Inventory number Total Checkouts Full call number Barcode Date last seen Copy number Price effective from Koha item type
    Library of Congress Classification   Kabarak, Main Campus Kabarak, Main Campus General Stacks 13/02/2026 Donation 2025/2296   BS1605.53 .N59 2003 C.1 39138 13/02/2026 C.1 13/02/2026 General Collection